[Event "83rd ESP-ch Women-ch 2018"]
[Site "Linares"]
[Date "2018.08.28"]
[Round "9"]
[White "Gomez Sanjuan, Hector Fernando"]
[Black "Castellanos Gomez, Alejandro"]
[Result "1-0"]
[WhiteElo "2146"]
[BlackElo "2320"]
[Annotator "TA"]
[PlyCount "55"]
[EventDate "2018.08.09"]
[EventType "tourn"]
[EventCountry "ESP"]
[SourceTitle "playchess.com"]
[Source "ChessBase"]
[SourceQuality "1"]

{[%evp 20,55,6,0,55,75,79,47,64,23,150,155,233,237,232,230,338,324,323,172,351,330,308,309,374,351,425,416,500,495,504,369,352,300,540,484,1022,1027]} 1. d4 e6 2. c4 Nf6 3. Nf3 b6 4. a3 Bb7 5. Nc3 d5 6. cxd5 Nxd5 7. e3 Be7 8. Bb5+ c6 9. Bd3 O-O 10. O-O c5 11. e4 {[%cal Be3e4,Be4e5,Be5f6][%mdl 32] LiveBook: 22 Games. E12: Queen's Indian: Unusual White 4th moves, 4 a3, 4 Nc3 Bb7 5 a3 and 4 Nc3 Bb7} Nc7 (11... Nxc3 $11 12. bxc3 Nc6) (11... Nxc3 12. bxc3 Nc6 13. Be3 Na5 14. Qe2 Qc7 15. a4 Rac8 16. Rfd1 Rfd8 17. h4 h6 18. h5 Bf6 19. e5 Be7 20. Nd2 cxd4 21. cxd4 {½-½ (113) Ushenina,A (2450)-Kosteniuk,A (2554) Huaian 2016}) 12. dxc5 $14 Bxc5 13. Qe2 $146 {White is better.} ({Predecessor:} 13. b4 Bd6 14. Qe2 Nd7 15. Bb2 Ne5 16. Nxe5 Bxe5 17. f4 Bd4+ {1-0 (36) Ghitescu,T-Buza,A Bucharest 1967}) 13... Nc6 14. Rd1 {aiming for e5.} Qe8 {[#]} (14... Nd4 $11 {remains equal.} 15. Nxd4 Bxd4) 15. e5 $1 $16 {Strongly threatening Bxh7+!} f5 (15... Rd8 $16) 16. exf6 $1 $18 gxf6 {[#]} 17. b4 $1 {[%cal Rb4c5]} ({Don't do} 17. Qe4 $6 f5 $16) 17... Be7 (17... Bd6 {might work better.} 18. Bxh7+ Kxh7) 18. Nb5 ({Not} 18. Qe4 f5 $16) 18... Nxb5 19. Qxe6+ (19. Bxb5 $142 Kh8 20. Qxe6) 19... Kh8 $2 (19... Qf7 {was called for.} 20. Qxf7+ Kxf7) 20. Bxb5 a6 21. Bc4 Qg6 22. Bd5 Rad8 {Threatening ...Rd6.} 23. Bf4 Rxd5 24. Rxd5 Rg8 {[%csl Gg8][%cal Rg6g2]} 25. Bg3 {Rd7 is the strong threat.} Nd8 26. Qf5 {Hoping for Qxg6.} ({Less strong is} 26. Qxe7 Bxd5 27. Nd4 Nb7 $18) 26... Qf7 $2 (26... Bxd5 27. Qxd5 Qc2) 27. Rd4 Ne6 {[#]} (27... Nc6 $142 28. Rd2 Rg7) 28. Ne5 $1 {Precision: White = 59%, Black = 19%.} 1-0

[Event "83rd ESP-ch Women-ch 2018"]
[Site "Linares"]
[Date "2018.08.28"]
[Round "9"]
[White "Lopez Varela, Pablo"]
[Black "Ayats Llobera, Gerard"]
[Result "0-1"]
[WhiteElo "2100"]
[BlackElo "2345"]
[Annotator "TA"]
[PlyCount "78"]
[EventDate "2018.08.09"]
[EventType "tourn"]
[EventCountry "ESP"]
[SourceTitle "playchess.com"]
[Source "ChessBase"]
[SourceQuality "1"]

{[%evp 17,78,20,57,-8,-14,-25,-27,-19,-10,-23,-33,-55,-34,-76,-42,-46,-22,-36,-39,-68,-36,-54,-22,-20,-21,-20,0,-77,-81,-82,-16,-148,-142,-159,-152,-241,-247,-316,-312,-301,-308,-304,-289,-266,-128,-335,-207,-212,-207,-194,0,-365,-365,-650,-447,-975,-972,-1058,-963,-29988,-29989,-29990,-29991]} 1. e4 {[%cal Be2e4,Be4e5][%mdl 32]} Nf6 2. e5 Nd5 3. d4 d6 4. c4 Nb6 5. exd6 cxd6 6. Nc3 g6 7. Be3 Bg7 8. Rc1 O-O 9. b3 e6 {LiveBook: 13 Games. B03: Alekhine's Defence: Four Pawns Attack} (9... Bf5 10. d5 e5 11. dxe6 Bxe6 12. Nge2 d5 13. c5 Nc6 14. Nd4 Bxd4 15. Bxd4 Re8 16. cxb6 Qh4 17. Ne2 axb6 {1-0 (38) Xiong,J (2618)-Kamsky,G (2678) Saint Louis 2016 CBM 172 [Mekhitarian,K]}) 10. Nge2 (10. Be2 $14) 10... Nc6 $11 11. g3 d5 $1 {Black has an edge.} 12. c5 Nd7 13. Bg2 b6 14. Na4 $146 ({Predecessor:} 14. cxb6 Nxb6 15. O-O Qd7 16. Qd2 Ba6 17. Bh6 {0-1 (44) Lyell,M (2132)-Plischki,S (2381) Teplice 2010}) 14... bxc5 15. Nxc5 Nxc5 16. Rxc5 Qb6 17. O-O Ba6 18. Re1 Nb4 {White must now prevent ...Nd3.} 19. Nc1 Rfc8 20. a3 Nc6 $36 {[%mdl 2048] With the idea ...Nxd4. Black is pushing.} 21. b4 $1 Bc4 22. Bf1 (22. Rxc4 $1 $11 dxc4 23. d5) 22... Bxf1 $17 23. Rxf1 a5 (23... Bf8 $17 24. Rc3 a5) 24. Qc2 (24. b5 $1 $11 {was the only way to keep the balance.} Nxd4 25. Rxc8+ Rxc8 26. Nb3) 24... axb4 25. axb4 Bf8 26. Nd3 (26. Rc3 $17) 26... Bxc5 $19 ({But not} 26... Nxb4 27. Rxc8 Nxc2 28. Rxa8) 27. dxc5 Qb5 28. Rb1 Ra3 29. Ne1 d4 ({Not} 29... Nxb4 30. Qb2 $15) 30. Bh6 Ne7 (30... Ra4 $19 {has better winning chances.} 31. Bd2 Rca8) 31. g4 $2 (31. Qe4 $17 {might work better.}) 31... Rh3 32. Bf4 d3 33. Qd2 {[#] aiming for Kg2.} Rxc5 $2 (33... h5 $1 $19 {Strongly threatening ...Rxc5!} 34. Bd6 Qb7) 34. Bd6 $2 {[%mdl 8192]} (34. Kg2 $1 $11 {and White has nothing to worry.} Rc2 35. Nxc2 dxc2 36. Qxc2) 34... Rc4 35. f3 $2 (35. Bg3 Rxg4 36. Qxd3) 35... Nd5 36. Kg2 {[#]} (36. Nxd3 $142 Rc3 37. Nf2 Rhxf3 38. Ra1) 36... Rxf3 $1 {[%mdl 512]} 37. Kxf3 (37. Nxf3 Rc2) 37... Qc6 38. Be5 Nf6+ 39. Kg3 Ne4+ {Precision: White = 35%, Black = 41%.} 0-1

[Event "83rd ESP-ch Women-ch 2018"]
[Site "Linares"]
[Date "2018.08.28"]
[Round "9"]
[White "Jimenez de la Torre, Jose Antonio"]
[Black "Galiana Fernandez, Adrian"]
[Result "0-1"]
[WhiteElo "2076"]
[BlackElo "2291"]
[Annotator "TA"]
[PlyCount "70"]
[EventDate "2018.08.09"]
[EventType "tourn"]
[EventCountry "ESP"]
[SourceTitle "playchess.com"]
[Source "ChessBase"]
[SourceQuality "1"]

{[%evp 17,70,16,10,12,42,14,22,14,0,-95,-19,-111,-109,-181,89,78,95,84,135,116,235,237,214,177,198,168,147,163,155,154,153,162,149,152,205,-19,-20,-28,-24,-24,-20,-30,-26,-32,-27,-35,-6,-29,0,-39,-35,-45,-39,-52,-53]} 1. e4 e5 2. Bc4 Nf6 3. d4 exd4 4. Nf3 Nxe4 5. Qxd4 Nf6 6. Bg5 Be7 7. Nc3 c6 8. O-O-O O-O 9. Rhe1 d5 10. Bd3 {C24: Bishop's Opening: 2...Nf6} h6 (10... a5 11. Qh4 h6 12. Bxh6 Ne4 13. Qh5 g6 14. Qe5 Bf6 15. Qf4 Nxc3 16. Bxf8 Nxd1 17. Bh6 Bxb2+ 18. Kxd1 Nd7 19. Ng5 Bf6 20. h4 Nf8 21. h5 Bd7 22. Re5 {1-0 (22) Allerberger,P (2539)-Paleckis,E (2398) Remote email 2011}) 11. Qh4 (11. Bxh6 $5 gxh6 12. Qe3 $11) 11... hxg5 12. Nxg5 {The position is equal.} Re8 $146 {aiming for ...g6.} ({Predecessor:} 12... Be6 13. Bh7+ Kh8 14. Bf5+ Kg8 15. Rxe6 g6 16. Rxf6 Bxf6 17. Qh7# {1-0 (17) Jurjevich,J-Cater,D USA 1994}) 13. Re3 (13. Bh7+ $11 Kf8 14. Bd3) 13... Bc5 $1 $17 {[%cal Rc5e3]} 14. Bh7+ (14. Rxe8+ $1 $11 {keeps the balance.} Qxe8 15. Bh7+ Kf8 16. Bd3) 14... Kf8 15. Rf3 (15. Rxe8+ $17 Qxe8 16. Bd3) 15... Bg4 $2 {[#]} ({Black should play} 15... Re5 $1 $19 16. Nce4 Nbd7) 16. Qxg4 $1 $16 {[%mdl 512]} Re5 (16... Nxg4 17. Rxf7#) 17. Qh4 Nbd7 {[#]} (17... Ke8 $142 18. Bf5 Qe7) 18. Bf5 $1 $40 {[%cal Rf5d7][%mdl 128] Strongly threatening Bxd7. Black is in trouble.} Ke7 {[#]} (18... Ke8 $16) 19. Bxd7 $1 $18 Qxd7 20. Nge4 g5 21. Nxg5 ({Weaker is} 21. Nxc5 gxh4 22. Nxd7 Nxd7 $11) 21... Qg4 22. Qxg4 Nxg4 23. Nxf7 {h3 is the strong threat.} Re6 24. Ng5 Re5 25. Nh3 Rh8 (25... Rg8 $16 {was worth a try.}) 26. Rf4 $2 ({White should try} 26. Nf4 $18 Rg5 27. Nd3) 26... Nxf2 $11 27. Rxf2 {Hoping for Rff1.} Rxh3 $1 28. gxh3 Bxf2 {[%mdl 4096] Endgame KRB-KRN} 29. Rf1 Bh4 30. Kd1 Re3 {[%mdl 1024] Black has compensation.} 31. Rg1 Kf6 32. Rf1+ Ke7 33. Rg1 Kf7 {Black is slightly better.} 34. Rf1+ Bf6 35. h4 Rh3 {Precision: White = 44%, Black = 58%.} 0-1

[Event "83rd ESP-ch Women-ch 2018"]
[Site "Linares"]
[Date "2018.08.28"]
[Round "9"]
[White "Perez Perez, Gabriel"]
[Black "Blazquez Gomez, Juan Carlos"]
[Result "1/2-1/2"]
[WhiteElo "2058"]
[BlackElo "2240"]
[Annotator "TA"]
[PlyCount "87"]
[EventDate "2018.08.09"]
[EventType "tourn"]
[EventCountry "ESP"]
[SourceTitle "playchess.com"]
[Source "ChessBase"]
[SourceQuality "1"]

{[%evp 10,87,79,35,49,39,40,37,47,41,41,45,51,41,47,58,61,52,86,86,83,90,117,118,129,146,146,140,149,110,93,86,90,91,107,60,61,60,71,59,64,41,52,55,70,54,90,14,67,65,74,69,139,129,161,66,64,54,81,42,53,0,15,0,11,0,18,-70,26,0,0,-45,-58,-63,0,0,0,-103,-99,-94]} 1. e4 {[%cal Be2e4,Be4e5][%mdl 32]} g6 2. d4 Bg7 3. Nc3 c6 4. f4 d6 5. Nf3 Nf6 6. e5 Nd5 {B09: Pirc Defence: Austrian Attack} 7. Nxd5 cxd5 8. Bd3 Nc6 {White is slightly better.} 9. O-O Nb4 $146 ({Predecessor:} 9... Bg4 10. c3 e6 11. Qb3 Rb8 12. Qa3 Bf8 13. Bb5 Bxf3 14. Rxf3 dxe5 15. Qxa7 {1-0 (38) Bortnyk,O (2566)-Komliakov,V (2394) Kishinev 2017}) 10. Bb5+ Bd7 11. Qe2 O-O 12. c3 Nc6 13. Bd3 Qb8 14. Ng5 h6 {[#]} 15. Nf3 $1 Bg4 16. e6 Bxe6 {[#]} 17. Bxg6 $1 {[%mdl 512]} Qc8 (17... fxg6 18. Qxe6+) 18. Bd3 Bf5 19. Nh4 Bxd3 20. Qxd3 {f5 is the strong threat.} f5 21. Bd2 Qd7 22. b4 Rae8 23. a4 {[%cal Ba2a4,Ba4a5][%mdl 32]} Rf7 24. a5 e6 25. b5 Ne7 26. Rae1 Bf6 27. Nf3 Kh8 28. Kh1 ({White should try} 28. Qe2 $16) 28... Ng8 (28... Bg7 $11) 29. c4 $14 dxc4 30. Qxc4 d5 (30... Bd8 $14) 31. Qe2 $16 Bg7 32. Ne5 ({White should play} 32. Rg1 $18) 32... Bxe5 $1 $14 33. fxe5 Rg7 34. Rf4 Rc8 35. Rh4 Rg6 36. h3 Qe7 37. Qh5 Kg7 38. g4 (38. Rf4 $11) 38... Rf8 (38... f4 $15 39. Bxf4 Qb4) 39. g5 Qa3 40. gxh6+ Kh7 {Strongly threatening ...Qg3.} 41. Re3 Qa1+ ({Better is} 41... Qa4 $1 $15) 42. Re1 $11 Qb2 43. Qe2 (43. Qxg6+ $1 $11 {keeps the balance.} Kxg6 44. h7) 43... Rc8 $17 {[%mdl 1024] Black has strong compensation.} 44. Qd3 {Precision: White = 42%, Black = 44%.} 1/2-1/2

[Event "83rd ESP-ch Women-ch 2018"]
[Site "Linares"]
[Date "2018.08.28"]
[Round "9"]
[White "Cruz Ramirez, Nauzet"]
[Black "Alvarez Fernandez, Enrique"]
[Result "0-1"]
[WhiteElo "2037"]
[BlackElo "2324"]
[Annotator "TA"]
[PlyCount "116"]
[EventDate "2018.08.09"]
[EventType "tourn"]
[EventCountry "ESP"]
[SourceTitle "playchess.com"]
[Source "ChessBase"]
[SourceQuality "1"]

{[%evp 15,116,-2,11,0,1,0,-3,-18,8,0,0,0,0,-24,-24,-20,-16,-18,2,-12,-19,-12,3,-13,2,-13,-22,-27,-18,-13,10,-12,2,0,2,-39,-22,-20,-8,-66,5,-3,0,0,9,9,12,5,11,14,51,55,56,-76,-76,-83,-77,-100,-100,-101,-99,-97,-99,-117,-123,-149,-88,-175,-170,-173,-175,-144,-31,-23,-23,-23,-23,-23,-26,-46,-20,-178,-178,-178,-178,-169,-175,-277,-272,-272,-202,-355,-345,-335,-270,-356,-348,-345,-334,-592,-581,-923,-874]} 1. Nf3 d5 2. g3 c6 3. Bg2 Nf6 4. O-O Bf5 5. d4 e6 6. b3 Nbd7 7. Bb2 Be7 8. Nbd2 {D02: 1 d4 d5 2 Nf3 sidelines, including 2...Nf6 3 g3 and 2...Nf6 3 Bf4} (8. c4 O-O 9. Nc3 h6 10. e3 Ne4 11. Qe2 a5 12. Rfd1 a4 13. Nxa4 dxc4 14. Nc3 cxb3 15. axb3 Qb6 16. Nxe4 Bxe4 17. Ne5 Nxe5 18. Bxe4 {½-½ (44) Vignesh,N (2485)-Tran,M (2404) Bhubaneswar 2018}) 8... Ne4 {LiveBook: 14 Games} 9. Nxe4 Bxe4 10. Nd2 {The position is equal.} Bxg2 11. Kxg2 O-O 12. e4 dxe4 13. Nxe4 Nf6 14. Qe2 Nxe4 15. Qxe4 Bf6 $146 ({Predecessor:} 15... Qd5 16. f3 Qxe4 17. fxe4 {½-½ (17) Eminov,O (2326)-Rahmanov,S (2338) Canakkale 2015}) 16. Rfd1 Qa5 17. Rd3 Rfd8 18. a4 Rd7 19. Rad1 Rad8 20. Ba3 Qd5 21. Kf3 $1 Qh5+ 22. Kg2 Qa5 23. Bc5 Rd5 24. c3 R5d7 25. Kf3 g6 26. h4 Bg7 27. Kg2 {[#]} (27. c4 $11) 27... Qc7 ({Black should play} 27... e5 $1 $15 {[%mdl 512]}) 28. c4 h5 29. Ba3 Qa5 30. Bc1 Bf6 31. Be3 Kg7 32. Qf3 (32. Qf4 {is more complex.} Re8 33. Bd2 Qb6 34. Bc1 Qc7 35. Qf3) 32... Qf5 33. Qxf5 gxf5 34. Kf3 (34. d5 $1 $14) 34... e5 $17 35. Ke2 exd4 36. Kf3 c5 37. Bf4 Re8 38. a5 Re6 39. Rb1 Ra6 40. Bd2 Bd8 (40... Be7 $142 41. Kg2 Kg6) 41. Re1 (41. b4 $17) 41... Bxa5 $19 42. Bxa5 Rxa5 {[%mdl 4096] Endgame KRR-KRR} 43. Re5 f6 ({Better is} 43... Kg6 $17 {White must now prevent ...f6.} 44. b4 Ra4 45. Rxc5 Rxb4) 44. Rxf5 $15 Kg6 45. g4 $1 hxg4+ 46. Kxg4 b6 47. h5+ Kf7 {Hoping for ...Ra1.} 48. Rff3 $2 {[#]} (48. Rd5 $11 {and White stays safe.} Re7 49. Rh3) 48... Ra1 $19 49. Rh3 Rg1+ 50. Kf4 Rg5 51. Ke4 (51. Rdg3 $142) 51... Re7+ 52. Kf4 Kg7 53. b4 $2 (53. h6+ {was worth a try.} Kh7 54. Rh2) 53... cxb4 54. Rxd4 Rc7 55. h6+ Kh7 56. Ke4 a5 57. Kd3 $2 (57. Rh1) 57... b5 58. f4 Rgc5 {Precision: White = 39%, Black = 65%.} 0-1

[Event "83rd ESP-ch Women-ch 2018"]
[Site "Linares"]
[Date "2018.08.28"]
[Round "9"]
[White "Nunez, Daniela Alejandra"]
[Black "Merario Alarcon, Andres"]
[Result "0-1"]
[WhiteElo "2021"]
[BlackElo "2406"]
[Annotator "TA"]
[PlyCount "66"]
[EventDate "2018.08.09"]
[EventType "tourn"]
[EventCountry "ESP"]
[SourceTitle "playchess.com"]
[Source "ChessBase"]
[SourceQuality "1"]

{[%evp 20,66,13,14,24,0,0,0,2,-20,0,-36,-36,-41,-14,-36,19,0,0,-36,-33,-31,-32,-46,-37,-37,-37,-37,-25,-24,-22,-22,-34,-236,-253,-231,-226,-292,-256,-261,-255,-260,-246,-433,-427,-497,-498,-485,-461]} 1. e4 e5 2. Nf3 Nc6 3. Bc4 Nf6 4. d3 Bc5 5. c3 d6 6. O-O h6 7. Bb3 O-O 8. h3 a5 {C54: Giuoco Piano: 4 c3 Nf6, main lines with 5 d4 and 5 d3} 9. Re1 Re8 10. Nbd2 Be6 11. Ba4 {LiveBook: 4 Games} Qb8 12. Nf1 $146 ({Predecessor:} 12. d4 exd4 13. cxd4 b5 14. dxc5 bxa4 15. cxd6 cxd6 16. Nb1 {0-1 (53) Harika,D (2528)-Adams,M (2745) Douglas 2016}) 12... b5 13. Bc2 Qa7 14. Qe2 (14. Be3 $5 {[%cal Rd3d4]} Bb6 15. Ng3 $11) 14... d5 15. Nh4 d4 16. Ng3 Kh7 17. Qf3 Bf8 (17... a4 $15) 18. Nhf5 Ng8 19. Ne2 g6 20. Nfg3 a4 21. cxd4 Nxd4 22. Nxd4 Qxd4 23. Ne2 Qb4 24. Rd1 Bg7 25. a3 Qd6 26. d4 $2 {[#]} ({White should try} 26. Be3 $15) 26... exd4 $19 27. Bf4 Qd7 28. Qg3 c5 29. Bd6 Rac8 30. e5 Ne7 31. Nf4 $2 {[#]} (31. Bxe7 {is a better defense.} Rxe7 32. f4) 31... Bf5 {Black is clearly winning.} 32. Rac1 Bxc2 33. Rxc2 Nf5 {Precision: White = 38%, Black = 76%.} 0-1

[Event "83rd ESP-ch Women-ch 2018"]
[Site "Linares"]
[Date "2018.08.28"]
[Round "9"]
[White "Pablos Tenrero, Raquel"]
[Black "Diaz Castro, Sergio"]
[Result "0-1"]
[WhiteElo "2015"]
[BlackElo "2289"]
[Annotator "TA"]
[PlyCount "70"]
[EventDate "2018.08.09"]
[EventType "tourn"]
[EventCountry "ESP"]
[SourceTitle "playchess.com"]
[Source "ChessBase"]
[SourceQuality "1"]

{[%evp 14,70,18,25,31,-14,35,34,46,13,89,53,58,0,0,0,0,0,14,14,44,37,118,0,0,-66,0,-32,0,0,0,-4,57,-35,-31,-76,-50,-42,-28,-85,-70,-72,-78,-118,-101,-109,135,136,122,-262,-24,-481,-454,-5118,-5100,-5118,-5102,-2125,-1051]} 1. d4 d6 2. e4 g6 3. Nc3 Bg7 4. f4 a6 5. Nf3 b5 6. e5 {B06: Modern Defence} (6. Bd3 Nd7 7. a4 b4 8. Ne2 c5 9. c3 Bb7 10. O-O Ngf6 11. e5 Nd5 12. Bd2 bxc3 13. bxc3 cxd4 14. cxd4 O-O {0-1 (49) Anand,V (2759)-Nakamura,H (2769) Leuven 2018}) 6... Nd7 7. Ne4 Bb7 8. Bd3 {LiveBook: 5 Games. The position is equal.} Nh6 9. Nfg5 $146 ({Predecessor:} 9. c3 O-O 10. Qe2 Nb6 11. O-O Qd7 12. Bd2 Rae8 13. Rae1 f5 14. Neg5 e6 15. b3 {0-1 (38) Sivuk,V (2552)-Polivanov,A (2426) Minsk 2015}) 9... Nb6 10. c3 Qc8 11. O-O f6 (11... O-O $11 {remains equal.}) 12. exf6 (12. Nxh7 {feels hotter.} Qg4 13. Ng3 f5 14. Ng5 Qxd1 15. Rxd1 Bd5 16. h4) 12... exf6 13. Nxh7 (13. f5 $14 Nxf5 14. Rxf5 $1 {[%mdl 512]}) 13... Rxh7 $11 {[#]} 14. Nxd6+ $1 {[%mdl 512]} cxd6 15. Bxg6+ Kf8 {Threatens to win with ...Rh8.} 16. Bxh7 f5 $1 17. Re1 Be4 (17... b4 $14) 18. Bg6 (18. Rxe4 $16 fxe4 19. Bxe4) 18... Qc6 19. Qe2 ({White should play} 19. Re2 $11) 19... Nd5 (19... b4 $1 $15) 20. Bd2 Ng4 (20... b4 $5) 21. Bh5 Ndf6 22. Bxg4 fxg4 ({Black should try} 22... Nxg4 $11 23. h3 Nf6) 23. Qf2 (23. f5 $1 $14) 23... Bf5 $15 24. Rad1 Kf7 (24... Ne4 $5 {[%cal Re4f2]} 25. Qe2 (25. Qh4 d5 $15) 25... d5 $15) 25. d5 Nxd5 26. Be3 (26. Bc1 $11) 26... Nxe3 $17 27. Rxe3 Bf6 28. Qe2 d5 {[%mdl 1024] Black has strong compensation.} 29. h3 gxh3 $2 (29... Rg8 $17) 30. Qh5+ $16 Bg6 31. Qxh3 $2 {[%mdl 8192]} (31. Qxd5+ $16 {is necessary to keep the advantage.} Qxd5 32. Rxd5) 31... d4 $2 (31... Rh8 $19 32. Qf3 Be4) 32. Rg3 $2 {[%mdl 8192] [#]} (32. cxd4 $11 {and White has nothing to worry.} Rh8 33. Qg3) 32... Rh8 $1 $19 {[%cal Rh8h3] Black is clearly winning.} 33. Rxg6 (33. f5 $142 Rxh3 34. fxg6+ Kg7 35. Rxh3) 33... Rxh3 (33... Kxg6 $2 34. Qd3+ Kg7 35. cxd4 $19) 34. Rxf6+ Qxf6 35. gxh3 dxc3 {Precision: White = 23%, Black = 41%.} (35... d3 $142 36. c4 bxc4) 0-1

[Event "83rd ESP-ch Women-ch 2018"]
[Site "Linares"]
[Date "2018.08.28"]
[Round "9"]
[White "Sosa Suarez, Carla Cristina"]
[Black "Gomez Ligero, Sergio"]
[Result "0-1"]
[WhiteElo "2006"]
[BlackElo "1826"]
[Annotator "NA RC"]
[PlyCount "91"]
[EventDate "2018.08.09"]
[EventType "tourn"]
[EventCountry "ESP"]
[SourceTitle "playchess.com"]
[Source "ChessBase"]
[SourceQuality "1"]
[TimeControl "40/5400+30:1800+30"]

{[%evp 8,69,21,26,32,11,18,16,0,32767,32767,32767,10,2,43,54,50,32767,18,0,10,32767,4,-3,0,32767,50,39,50,49,68,37,134,37,33,22,31,22,32767,0,46,31,27,24,54,69,32767,32767,119,80,32767,32767,32767,32767,32767,32767,32767,32767,32767,32767,32767,32767,32767,61]} 1. e4 {[%emt 0:00:00]} c5 {[%emt 0:00:00]} 2. Nf3 {[%emt 0:00:00]} d6 {[%emt 0:00:00]} 3. d4 {[%emt 0:00:00]} cxd4 {[%emt 0:00:00]} 4. Nxd4 {[%emt 0:00:00]} Nf6 {[%emt 0:00:00]} 5. Nc3 {[%emt 0:00:00]} g6 {[%emt 0:00:00]} 6. Bc4 {[%emt 0:02:11]} Bg7 {[%emt 0:00:04]} 7. O-O {[%emt 0:00:11]} O-O {[%emt 0:00:33]} 8. Re1 {[%emt 0:02:01]} Nc6 {[%emt 0:03:33]} 9. Nb3 {[%emt 0:00:45]} a6 {[%emt 0:02:59]} 10. a4 {[%emt 0:00:57]} Na5 {[%emt 0:08:52]} 11. Nxa5 {[%emt 0:09:03]} Qxa5 {[%emt 0:00:07] LiveBook: 5 Games} 12. Nd5 {[%emt 0:00:31] B34: Sicilian: Accelerated Dragon with 5 Nc3: sidelines} (12. Bb3 Bg4 13. f3 Be6 14. Nd5 Bxd5 15. exd5 Rfe8 16. Bd2 Qc7 17. Bc3 Nd7 18. Bxg7 Kxg7 19. Qd4+ Kg8 {½-½ (37) Iuldachev,S (2511)-Ankit,R (2350) Mumbai 2010}) 12... Nxd5 {[%emt 0:02:43]} 13. exd5 {[%emt 0:01:06]} Bg4 $146 {[%emt 0:09:40]} ({Predecessor:} 13... Bf6 14. Bh6 Re8 15. c3 Bd7 16. Bf1 Qc7 17. Be3 e6 18. dxe6 Rxe6 19. Qb3 Rae8 20. Red1 Bc6 21. Bc4 R6e7 22. h3 Kg7 23. a5 h6 24. Bd5 Re5 25. Bxc6 Qxc6 26. Ra4 {½-½ (26) Calzetta Ruiz,M (2301)-Heinatz,G (2205) Porto Carras 2011}) 14. Be2 {[%emt 0:05:19]} Bd7 {[%emt 0:10:33]} 15. c3 {[%emt 0:02:43]} b5 {[%emt 0:01:20]} 16. Bg5 {[%emt 0:04:39]} f6 {[%emt 0:05:22]} ({Günstiger ist} 16... b4 $15 17. Bxe7 Rfe8 18. Bxd6 bxc3) 17. axb5 {[%emt 0:02:29]} Qc7 {[%emt 0:00:17]} 18. Be3 {[%emt 0:02:15]} axb5 {[%emt 0:00:16]} 19. Qb3 {[%emt 0:01:34]} Qb7 {[%emt 0:01:22]} (19... f5 $14) 20. Bd4 {[%emt 0:03:17]} ({Better is} 20. c4 $16) 20... Rxa1 {[%emt 0:00:54]} 21. Rxa1 {[%emt 0:00:01]} Ra8 {[%emt 0:00:15]} 22. Re1 {[%emt 0:02:42]} Qa6 {[%emt 0:04:02]} 23. h4 {[%emt 0:06:22]} Bf8 {[%emt 0:04:19]} 24. Qc2 {[%emt 0:05:15]} Qa4 {[%emt 0:02:19]} 25. Qd2 {[%emt 0:03:36]} Qa2 {[%emt 0:07:09]} 26. h5 {[%emt 0:04:06]} Ra4 {[%emt 0:08:37]} 27. Bf3 {[%emt 0:03:33]} Qc4 {[%emt 0:03:52]} 28. Be4 $16 {[%emt 0:05:03]} f5 {[%emt 0:05:58]} 29. Bf3 {[%emt 0:02:05]} Qc8 {[%emt 0:01:16]} 30. hxg6 {[%emt 0:05:17]} hxg6 {[%emt 0:00:46]} 31. Qg5 {[%emt 0:00:29]} Qe8 {[%emt 0:09:04]} 32. g3 {[%emt 0:00:29]} Qf7 {[%emt 0:03:08]} 33. Kg2 {[%emt 0:01:35]} Ra2 {[%emt 0:02:06]} 34. Qh4 {[%emt 0:04:22]} Qh7 {[%emt 0:00:38]} 35. Qxh7+ {[%emt 0:01:25]} Kxh7 {[%emt 0:00:07]} 36. Re2 {[%emt 0:00:31]} Kg8 {[%emt 0:00:25]} 37. Rd2 {[%emt 0:01:03]} Bh6 {[%emt 0:00:40]} 38. Rc2 {[%emt 0:00:53]} Ra4 {[%emt 0:01:30]} 39. Be2 {[%emt 0:01:12]} f4 {[%emt 0:00:45]} 40. Bd3 {[%emt 0:00:30]} Kf7 {[%emt 0:00:35]} 41. gxf4 {[%emt 0:30:14]} Bxf4 {[%emt 0:30:10]} 42. Kf3 {[%emt 0:00:51]} Bg5 {[%emt 0:00:24]} 43. Kg3 {[%emt 0:04:36]} Ra1 {[%emt 0:00:54]} 44. f4 {[%emt 0:00:33]} Bf6 {[%emt 0:00:41]} 45. Bxf6 {[%emt 0:00:38]} Kxf6 {[%emt 0:00:26]} 46. Re2 {[%emt 0:00:54] Ke5} 0-1